[Event "VIII MIEDZYNARODOWY TURNIEJ SZACHOWY - GORA SW. ANNY - Open B"]
[Site "GORA SW. ANNY"]
[Date "1899-12-30"]
[Round "6.1"]
[White "Wielosz, Jaroslaw"]
[Black "Smal, Tobiasz"]
[Result "0-1"]
[WhiteTitle "I"]
[BlackTitle "I++"]
[WhiteElo "1939"]
[BlackElo "1994"]

1. d4 Nf6 2. c4 g6 3. Nc3 Bg7 4. Nf3 O-O 5. g3 d6 6. Bg2 Nc6 7. O-O a6 8. h3 Rb8
9. Be3 Bd7 10. Rc1 b5 11. Nd2 Na5 12. cxb5 axb5 13. b4 Nc4 14. Nxc4 bxc4 15. a3
c6 16. Qd2 d5 17. Bh6 Ra8 18. Bxg7 Kxg7 19. Ra1 Be6 20. Qf4 Qd7 21. Kh2 Nh5 22.
Qe5+ f6 23. Qe3 f5 24. f4 Nf6 25. Bf3 h5 26. h4 Kh7 27. a4 Rfb8 28. Rfb1 Qd6 29.
Qe5 Ne8 30. a5 Nc7 31. Na4 Qxe5 32. fxe5 Bc8 33. Nb6 Ra7 34. e3 Na8 35. Nxc8 Rxc8
36. b5 cxb5 37. Bxd5 Nc7 38. Bc6 Rb8 39. Rb4 Ra6 40. Bd7 Ra7 41. e6 Kg7 42. a6
Rxa6 43. Rd1 Ra2+ 44. Kg1 Nd5 45. Rxb5 Rxb5 46. Bxb5 Nc3 47. Bxc4 Ra4 48. Bb3
Rb4 49. Kg2 Rxb3 50. Rd3 Rb2+ 51. Kf3 Ne4 0-1

[Event "VIII MIEDZYNARODOWY TURNIEJ SZACHOWY - GORA SW. ANNY - Open B"]
[Site "GORA SW. ANNY"]
[Date "1899-12-30"]
[Round "6.2"]
[White "Chylewski, Patryk"]
[Black "Pacan-milej, Kosma"]
[Result "1-0"]
[WhiteTitle "I++"]
[BlackTitle "I"]
[WhiteElo "1994"]
[BlackElo "1840"]

1. e4 e6 2. d4 d5 3. Nd2 c5 4. exd5 exd5 5. Ngf3 Nc6 6. Bb5 Bd6 7. O-O Nge7 8.
dxc5 Bxc5 9. Nb3 Bd6 10. Nbd4 O-O 11. Bg5 Qc7 12. h3 f6 13. Be3 Bd7 14. Nb3 b6
15. Bxc6 Bxc6 16. Nbd4 Bd7 17. c3 Rfe8 18. a4 a6 19. Re1 Rad8 20. Qb3 Bc8 21.
Rad1 Bc5 22. Bc1 Qb7 23. Bf4 Ng6 24. Bg3 Nf8 25. Qc2 Ne6 26. Qd3 Nxd4 27. Nxd4
Bxd4 28. Qxd4 Rxe1+ 29. Rxe1 Kf7 30. Qh4 Rh8 31. Bd6 Be6 32. Qh5+ g6 33. Qh4 Qd7
34. Qf4 b5 35. axb5 axb5 36. Be5 Qe7 37. Bd4 Ra8 38. Qh6 Rh8 39. Re3 Qf8 40. Qf4
Qe7 41. Rf3 Ra8 42. Bxf6 Qe8 43. Bd4+ Bf5 44. g4 Qe1+ 45. Kg2 Ra1 46. Qc7+ Ke8
47. Qb8+ Kd7 48. Qb7+ Kd8 49. Bb6+ Ke8 50. Qb8+ Ke7 51. Qd8+ Kf7 52. Qxd5+ Kg7
53. Qd4+ Kg8 54. Qd8+ Kf7 55. Qd7+ Kg8 56. Qd8+ Kf7 57. Qc7+ Kg8 58. Qb8+ Kg7
59. Bd4+ Kh6 60. Qf8+ 1-0

[Event "VIII MIEDZYNARODOWY TURNIEJ SZACHOWY - GORA SW. ANNY - Open B"]
[Site "GORA SW. ANNY"]
[Date "1899-12-30"]
[Round "6.3"]
[White "Bartoszewicz, Marcin"]
[Black "Guca, Krzysztof"]
[Result "1/2-1/2"]
[WhiteTitle "I+"]
[BlackTitle "I"]
[WhiteElo "1968"]
[BlackElo "1820"]

1. e4 c5 2. Nf3 d6 3. d4 cxd4 4. Nxd4 Nf6 5. Nc3 a6 6. Bg5 Nbd7 7. Qd2 e6 8. O-O-O
Qc7 9. f4 b5 10. Bd3 b4 11. Nd5 exd5 12. exd5 Bb7 13. Nc6 Bxc6 14. dxc6 Nc5 15.
Rhe1+ Be7 16. Qe3 Kf8 17. Bf5 Bd8 18. Qf3 Ra7 19. Rd2 h6 20. Rde2 g6 21. Bh4 Kg7
22. Bh3 d5 23. Bxf6+ Bxf6 24. Qxd5 Qxf4+ 25. Kb1 Ne6 26. Re4 Qb8 27. Bxe6 fxe6
28. Rxe6 Qd8 29. Rd6 Re8 30. Rd1 Qe7 31. Qc5 Kh8 32. Qf2 Bg7 33. Qd2 a5 34. Rxg6
Qe5 35. c3 bxc3 36. Qxc3 Qxh2 37. Qg3 Qxg3 38. Rxg3 Rc7 39. Rc1 Re6 40. Ra3 Re2
41. Rc2 Re1+ 42. Rc1 Rxc1+ 43. Kxc1 Rxc6+ 44. Kd1 Rc5 45. Rb3 Rg5 46. g3 Be5 47.
Rb6 Kh7 48. b4 Bxg3 49. bxa5 Rxa5 50. Ke2 Rxa2+ 51. Kf3 Bh4 52. Kg4 Bg5 53. Rc6
Ra4+ 54. Kh3 Kg7 55. Rc3 Kg6 56. Rb3 Kh5 57. Rc3 Rh4+ 58. Kg2 Bf4 59. Rh3 1/2-1/2

[Event "VIII MIEDZYNARODOWY TURNIEJ SZACHOWY - GORA SW. ANNY - Open B"]
[Site "GORA SW. ANNY"]
[Date "1899-12-30"]
[Round "6.4"]
[White "Pytel, Maciej"]
[Black "Jachym, Adam"]
[Result "0-1"]
[WhiteTitle "I"]
[BlackTitle "I"]
[WhiteElo "1728"]
[BlackElo "1965"]

1. e4 e5 2. Nf3 Nc6 3. Bc4 Nf6 4. d3 Bc5 5. c3 O-O 6. Bg5 d6 7. O-O a6 8. h3 h6
9. Bh4 Ba7 10. d4 Re8 11. dxe5 Nxe5 12. Nxe5 dxe5 13. Qf3 Qe7 14. Bxf6 Qxf6 15.
Qxf6 gxf6 16. g4 Rd8 17. Kg2 Be6 18. Be2 Kg7 19. b4 Rd6 20. a4 a5 21. bxa5 Bc5
22. a6 bxa6 23. a5 Rb8 24. Rc1 Rb2 25. Kf1 h5 26. Ke1 hxg4 27. hxg4 Kg6 28. f3
Bb3 29. Na3 Rdd2 30. Bxa6 Rh2 31. Bf1 0-1

[Event "VIII MIEDZYNARODOWY TURNIEJ SZACHOWY - GORA SW. ANNY - Open B"]
[Site "GORA SW. ANNY"]
[Date "1899-12-30"]
[Round "6.5"]
[White "Kalmuk, Krzysztof"]
[Black "Marchewka, Jakub"]
[Result "1/2-1/2"]
[WhiteTitle "I+"]
[BlackTitle "I"]
[WhiteElo "1939"]
[BlackElo "1848"]

1. Nf3 Nf6 2. g3 d5 3. Bg2 Nc6 4. d4 e6 5. O-O Be7 6. b3 O-O 7. Bb2 b6 8. Nbd2
Bb7 9. Rc1 a5 10. c4 a4 11. Ne5 a3 12. Nxc6 Bxc6 13. Ba1 Bb7 14. Qc2 Rc8 15. c5
Ra8 16. Nb1 Ba6 17. Rfe1 Qb8 18. Qc3 Nd7 19. b4 bxc5 20. bxc5 Nxc5 21. Qxa3 Bxe2
22. Qe3 Nd3 23. Qxe2 Nxe1 24. Rxe1 Qa7 25. Bxd5 exd5 26. Qxe7 Qxa2 27. Bc3 Qc4
28. Re3 Qc6 29. Qc5 Qxc5 30. dxc5 Ra4 31. Be5 Rc4 32. Rc3 Re4 33. Re3 Rc4 34.
Rc3 Re4 35. Re3 Rc4 36. Rc3 Re4 37. Re3 Rc4 38. Rc3 Re4 1/2-1/2

[Event "VIII MIEDZYNARODOWY TURNIEJ SZACHOWY - GORA SW. ANNY - Open B"]
[Site "GORA SW. ANNY"]
[Date "1899-12-30"]
[Round "6.6"]
[White "Krawiecki, Stanislaw"]
[Black "Kozaczuk, Witold"]
[Result "1-0"]
[WhiteTitle "I"]
[BlackTitle "I"]
[WhiteElo "1814"]
[BlackElo "1877"]

1. e4 c6 2. d4 d5 3. Nc3 dxe4 4. Nxe4 Bf5 5. Ng3 Bg6 6. N1e2 e6 7. Nf4 Bd6 8. h4
Qc7 9. Nxg6 hxg6 10. Qf3 Nf6 11. Bg5 Qa5+ 12. Bd2 Bb4 13. c3 Be7 14. c4 Bb4 15.
Bxb4 Qxb4+ 16. Qc3 Qxc3+ 17. bxc3 Nbd7 18. Bd3 O-O-O 19. O-O-O Ng4 20. Rd2 Ndf6
21. f3 Nh6 22. Ne4 Nxe4 23. fxe4 e5 24. Be2 Rd7 25. g4 f5 26. gxf5 gxf5 27. exf5
Kc7 28. Bh5 Rhd8 29. Rg2 exd4 30. cxd4 Nxf5 31. Bg4 Ne3 32. Rg3 Rxd4 33. Be6 Nxc4
34. Rxg7+ Kd6 35. Bxc4 Rxc4+ 36. Kb2 Rb4+ 37. Kc3 a5 38. Rd1+ 1-0

[Event "VIII MIEDZYNARODOWY TURNIEJ SZACHOWY - GORA SW. ANNY - Open B"]
[Site "GORA SW. ANNY"]
[Date "1899-12-30"]
[Round "6.7"]
[White "Sudolski, Sylwester"]
[Black "Garbowski, Jakub"]
[Result "1-0"]
[WhiteTitle "II"]
[BlackTitle "I+"]
[WhiteElo "1863"]
[BlackElo "1781"]

1. e4 c5 2. Nf3 e6 3. d4 cxd4 4. Nxd4 Nf6 5. Bd3 Nc6 6. Nxc6 bxc6 7. O-O d5 8.
e5 Nd7 9. Bf4 g6 10. c4 Bg7 11. Qe2 O-O 12. Nd2 a5 13. Bg3 Ba6 14. Rab1 Qb6 15.
Rfe1 Rfc8 16. h4 h5 17. Bf4 Qd4 18. Qe3 Qxe3 19. Rxe3 Rab8 20. Bf1 Nc5 21. Ra3
a4 22. Be3 Nd7 23. Rxa4 Bxc4 24. Bxc4 dxc4 25. f4 Bf8 26. Rxc4 c5 27. Rc2 Nb6
28. Nc4 Nd5 29. a3 Rb3 30. Re1 Rcb8 31. Bc1 Bh6 32. Rf1 Rd3 33. Na5 Ne3 34. Bxe3
Rxe3 35. Kh2 Rd8 36. Nc4 Re4 37. g3 Rd3 38. Kg2 Rdd4 39. Rfc1 Bxf4 40. gxf4 Rxf4
41. Nd2 Rxh4 42. Nf3 Rhg4+ 43. Kf2 Rde4 44. Rxc5 h4 45. Rg1 Rgf4 46. b4 h3 47.
b5 h2 48. Rh1 g5 49. b6 g4 50. Rc3 Rxe5 51. Rxh2 Ref5 52. Ke1 Re4+ 53. Kd1 gxf3
54. b7 Rd5+ 55. Rd2 Rb5 56. Rc8+ Kg7 57. b8=Q Rxb8 58. Rxb8 1-0

[Event "VIII MIEDZYNARODOWY TURNIEJ SZACHOWY - GORA SW. ANNY - Open B"]
[Site "GORA SW. ANNY"]
[Date "1899-12-30"]
[Round "6.8"]
[White "Tabola, Marcin"]
[Black "Kokoszczynski, Jan"]
[Result "1/2-1/2"]
[WhiteTitle "I++"]
[BlackTitle "I"]
[WhiteElo "1986"]
[BlackElo "1765"]

1. d4 d5 2. c4 Bf5 3. Nc3 e6 4. Nf3 c6 5. Qb3 Qb6 6. c5 Qxb3 7. axb3 a6 8. Bf4
Nd7 9. b4 Rc8 10. Ne5 f6 11. Nxd7 Kxd7 12. f3 Re8 13. e4 e5 14. exf5 exf4+ 15.
Kd2 g6 16. b5 axb5 17. Nxb5 Nh6 18. fxg6 hxg6 19. Bd3 f5 20. Ra7 Rb8 21. Na3 Nf7
22. b4 Bg7 23. Nc2 Ng5 24. h3 Ne6 25. Kc3 Bf6 26. Rha1 Rhc8 27. R1a6 Rc7 28. Rb6
Kc8 29. b5 Nxc5 30. bxc6 bxc6 31. Ba6+ Nxa6 32. Raxa6 Rxb6 33. Rxb6 Be7 34. Ne1
Rb7 35. Rxb7 Kxb7 36. Nd3 Bd6 37. Kb3 Kb6 38. Ka4 Ka6 39. Kb3 Kb5 40. Kc3 Kb6
41. Kb3 Kc7 42. Ka4 Kb6 1/2-1/2

[Event "VIII MIEDZYNARODOWY TURNIEJ SZACHOWY - GORA SW. ANNY - Open B"]
[Site "GORA SW. ANNY"]
[Date "1899-12-30"]
[Round "6.9"]
[White "Golecki, Jan"]
[Black "Czempiel, Henryk"]
[Result "0-1"]
[WhiteTitle "I"]
[BlackTitle "I"]
[WhiteElo "1798"]
[BlackElo "1979"]

1. e4 e5 2. f4 Bc5 3. Nf3 Nc6 4. Nc3 d6 5. Na4 Bg4 6. Nxc5 dxc5 7. Bb5 Nge7 8.
h3 Bxf3 9. Qxf3 a6 10. Bxc6+ Nxc6 11. c3 exf4 12. O-O g5 13. e5 O-O 14. g3 Nxe5
15. Qe2 Qd3 16. Qxe5 Qxg3+ 17. Kh1 Rae8 18. Qxg5+ Qxg5 19. Rg1 Re1 0-1

[Event "VIII MIEDZYNARODOWY TURNIEJ SZACHOWY - GORA SW. ANNY - Open B"]
[Site "GORA SW. ANNY"]
[Date "1899-12-30"]
[Round "6.10"]
[White "Korcz, Daniel"]
[Black "Kulpinski, Piotr"]
[Result "0-1"]
[WhiteTitle "I+"]
[BlackTitle "I++"]
[WhiteElo "1759"]
[BlackElo "1948"]

1. a3 d5 2. b4 Bf5 3. Bb2 e6 4. Nf3 h6 5. e3 Nf6 6. d4 Bd6 7. c4 c6 8. Bd3 Bxd3
9. Qxd3 O-O 10. Nc3 a5 11. b5 Nbd7 12. cxd5 cxd5 13. a4 Nb6 14. Ba3 Bb4 15. O-O
Qd6 16. Bc1 Rfc8 17. Bd2 Rc4 18. Ne5 Rc7 19. f3 Rac8 20. Rfc1 Nfd7 21. Nxd7 Qxd7
22. Ne2 Bxd2 23. Qxd2 Nc4 24. Qd3 Qe7 25. Qb3 Qg5 26. f4 Qg6 27. Qc3 b6 28. Kf2
Kf8 29. Qc2 Qxg2+ 30. Kxg2 Nxe3+ 31. Kf3 Nxc2 0-1

[Event "VIII MIEDZYNARODOWY TURNIEJ SZACHOWY - GORA SW. ANNY - Open B"]
[Site "GORA SW. ANNY"]
[Date "1899-12-30"]
[Round "6.11"]
[White "Domanski, Lukasz"]
[Black "Miszkielo, Bartosz"]
[Result "1-0"]
[WhiteTitle "I"]
[BlackTitle "I"]
[WhiteElo "1878"]
[BlackElo "1736"]

1. e4 c5 2. Nf3 Nc6 3. Bb5 Nf6 4. Nc3 Qc7 5. O-O g6 6. Bxc6 dxc6 7. h3 Bg7 8. d3
b6 9. Be3 Nh5 10. Qd2 O-O 11. g4 Nf6 12. Bf4 Qd7 13. Nh2 b5 14. Be3 a5 15. Rae1
h5 16. f3 Qd6 17. Bf4 Qd4+ 18. Qe3 hxg4 19. fxg4 Nd7 20. Nf3 Qb4 21. Nd1 a4 22.
c3 Qa5 23. Bh6 Qc7 24. e5 f6 25. Bxg7 Kxg7 26. exf6+ exf6 27. Kg2 Bb7 28. Nf2
Rae8 29. Qxe8 Rxe8 30. Rxe8 Qd6 31. Rfe1 f5 32. R1e7+ 1-0

[Event "VIII MIEDZYNARODOWY TURNIEJ SZACHOWY - GORA SW. ANNY - Open B"]
[Site "GORA SW. ANNY"]
[Date "1899-12-30"]
[Round "6.12"]
[White "Milanowski, Jan"]
[Black "Pytel, Przemyslaw"]
[Result "1-0"]
[WhiteTitle "I++"]
[BlackTitle "II+"]
[WhiteElo "1950"]
[BlackElo "1638"]

1. e4 c5 2. Nf3 e6 3. c3 Nc6 4. Be2 d6 5. h3 Nf6 6. d3 Be7 7. Bf4 O-O 8. Nbd2 Qc7
9. a4 Bd7 10. Nc4 Ne8 11. O-O Na5 12. Nfd2 Nxc4 13. Nxc4 e5 14. Bg3 f5 15. f4
exf4 16. Bxf4 Be6 17. Ne3 Qb6 18. Qd2 fxe4 19. dxe4 Nf6 20. Bf3 Nd7 21. Nd5 Bxd5
22. exd5 c4+ 23. Be3 Bg5 24. Bxb6 Bxd2 25. Bd4 Rfe8 26. Bg4 Nf8 27. Rad1 Bh6 28.
Rde1 b6 29. Re2 Rxe2 30. Bxe2 Re8 31. Kf2 Rc8 32. Bg4 Rc7 33. Re1 Kf7 34. g3 Bg5
35. Be6+ Nxe6 36. Rxe6 Rd7 37. Be3 Be7 38. h4 a6 39. Bxb6 Rb7 40. a5 Rb8 41. Ke3
Rc8 42. Ke4 g6 43. Be3 Rb8 44. Bg5 Bf8 45. Kd4 Rxb2 46. Kxc4 Rb5 47. Kd4 Bg7+
48. Ke4 Bxc3 49. Rxd6 Rxa5 50. Rd7+ Kf8 51. d6 Ra1 52. Rc7 Ba5 53. Rc8+ Kf7 54.
d7 Ra4+ 55. Kd5 Ra3 56. d8=Q Bxd8 57. Rxd8 h6 58. Rd7+ Ke8 59. Re7+ Kf8 60. Bf6
Rf3 61. Re6 Kf7 62. Bd4 Rxg3 63. Rf6+ Ke7 64. Rxa6 g5 65. h5 Rg2 66. Rxh6 g4 67.
Rh7+ Ke8 68. Rg7 Rh2 69. Rg5 Ke7 70. Ke4 Rh4 71. Be5 Rh1 72. Kf4 Ke6 73. Kxg4
Rg1+ 74. Bg3 Kf6 75. Rg6+ Kf7 76. Kf5 Rf1+ 77. Bf4 Rh1 78. h6 Rh5+ 79. Bg5 Rh1
80. Rg7+ Kf8 81. Kg6 Ra1 82. h7 Ra6+ 83. Bf6 1-0

[Event "VIII MIEDZYNARODOWY TURNIEJ SZACHOWY - GORA SW. ANNY - Open B"]
[Site "GORA SW. ANNY"]
[Date "1899-12-30"]
[Round "6.13"]
[White "Jedrocha, Katarzyna"]
[Black "Fus, Jakub"]
[Result "1/2-1/2"]
[WhiteTitle "I++"]
[BlackTitle "II"]
[WhiteElo "1881"]
[BlackElo "1641"]

1. e4 e6 2. d4 d5 3. exd5 exd5 4. Bd3 Bd6 5. h3 Nc6 6. c3 Nf6 7. Qf3 Be6 8. Ne2
Qd7 9. Bg5 Be7 10. Nd2 h6 11. Bxf6 Bxf6 12. Nf4 Bg5 13. O-O-O Bxf4 14. Qxf4 O-O-O
15. Nf3 f6 16. Rhe1 Kb8 17. Re2 Rde8 18. Rde1 Re7 19. Nd2 Rhe8 20. Nb3 b6 21.
Bb5 Kb7 22. Nd2 Bf7 23. Qf3 a6 24. Bd3 Rxe2 25. Rxe2 Rxe2 26. Qxe2 Nb8 27. Nf1
Qe6 28. Ne3 h5 29. g4 hxg4 30. hxg4 c5 31. Qf3 Nc6 32. Nc2 cxd4 33. cxd4 Nb4 34.
Bf5 Qc6 35. Qb3 Nxc2 36. Qxc2 Qxc2+ 37. Bxc2 g5 38. Kd2 Kc6 39. Bf5 Kc7 40. Kc3
Kb7 1/2-1/2

[Event "VIII MIEDZYNARODOWY TURNIEJ SZACHOWY - GORA SW. ANNY - Open B"]
[Site "GORA SW. ANNY"]
[Date "1899-12-30"]
[Round "6.14"]
[White "Oglaza, Oskar"]
[Black "Kotula, Magdalena"]
[Result "1-0"]
[WhiteTitle "I"]
[BlackTitle "I+"]
[WhiteElo "1792"]
[BlackElo "1594"]

1. e4 e5 2. Nf3 d5 3. Nxe5 Bd6 4. d4 dxe4 5. Nc4 h6 6. Be2 Nf6 7. O-O Nc6 8. c3
O-O 9. Ne3 Ne7 10. Nd2 Ng6 11. f3 exf3 12. Nxf3 Re8 13. Bd3 Nf4 14. Nc4 Bg4 15.
Nxd6 Qxd6 16. Bxf4 Qxf4 17. Qc2 Qe3+ 18. Kh1 Bxf3 19. Rxf3 Qe6 20. b3 Re7 21.
Raf1 Rae8 22. Qd2 Ne4 23. Qc1 Ng5 24. Rg3 Qe1 25. Qf4 Qe6 26. h4 Nh7 27. Bc4 Qf6
28. Qxf6 Nxf6 29. Rxf6 Kf8 30. Rff3 Re1+ 31. Kh2 f6 32. Rg4 Ra1 33. a4 Ree1 34.
Kg3 h5 35. Rgf4 Ra2 36. Rf5 Re4 37. Rxh5 1-0

[Event "VIII MIEDZYNARODOWY TURNIEJ SZACHOWY - GORA SW. ANNY - Open B"]
[Site "GORA SW. ANNY"]
[Date "1899-12-30"]
[Round "6.15"]
[White "Muzacz, Bartlomiej"]
[Black "Karykowska, Anna"]
[Result "1/2-1/2"]
[WhiteTitle "II+"]
[BlackTitle "I++"]
[WhiteElo "1791"]
[BlackElo "1605"]

1. e4 c5 2. Nf3 e6 3. d4 cxd4 4. Nxd4 Nc6 5. Nc3 a6 6. Bc4 d6 7. O-O Bd7 8. Bb3
Nf6 9. Kh1 Be7 10. f4 O-O 11. Be3 b5 12. Qf3 Nxd4 13. Bxd4 Bc6 14. Rae1 Qc7 15.
Qg3 Rad8 16. e5 dxe5 17. Bxe5 Qb7 18. f5 Nh5 19. Qg4 f6 20. Bxe6+ Kh8 21. Rf2
fxe5 22. Qxh5 Rd4 23. f6 Rxf6 24. Rxf6 Bxf6 25. Qf7 Bxg2+ 26. Kg1 Qxf7 27. Bxf7
Rg4 28. Be6 Rg6 29. Bf7 Rg4 30. Be6 Rg6 31. Bf7 Rg4 32. Be6 Rg6 33. Bf7 Rg4 34.
Be6 1/2-1/2

[Event "VIII MIEDZYNARODOWY TURNIEJ SZACHOWY - GORA SW. ANNY - Open B"]
[Site "GORA SW. ANNY"]
[Date "1899-12-30"]
[Round "6.16"]
[White "Trepkowski, Piotr"]
[Black "Ochenduszko, Bartosz"]
[Result "1-0"]
[WhiteTitle "I"]
[BlackTitle "II"]
[WhiteElo "1772"]
[BlackElo "1523"]

1. e4 e5 2. f4 Nf6 3. Nc3 d5 4. fxe5 Nxe4 5. Nf3 Be7 6. d4 Nxc3 7. bxc3 O-O 8.
Bd3 c5 9. O-O c4 10. Be2 f6 11. Be3 Be6 12. Qe1 Nd7 13. Qg3 Rf7 14. h4 Qc7 15.
Bf4 fxe5 16. Nxe5 Rxf4 17. Qxf4 Bd6 18. Bg4 Bxg4 19. Qxg4 Nxe5 20. dxe5 Bxe5 21.
Rae1 Re8 22. Qf5 Qb6+ 23. Kh1 Qf6 24. Rxe5 Qxh4+ 25. Kg1 Qd8 26. Qf7+ 1-0

[Event "VIII MIEDZYNARODOWY TURNIEJ SZACHOWY - GORA SW. ANNY - Open B"]
[Site "GORA SW. ANNY"]
[Date "1899-12-30"]
[Round "6.17"]
[White "Szotkowski, David"]
[Black "Czaplewska, Klara"]
[Result "0-1"]
[WhiteTitle "III"]
[BlackTitle "I++"]
[WhiteElo "1527"]
[BlackElo "1720"]

1. e4 e5 2. Nf3 Nc6 3. Bc4 Bc5 4. c3 Nf6 5. d4 exd4 6. e5 d5 7. Bb5 Ne4 8. cxd4
Bb6 9. Nc3 O-O 10. O-O Bg4 11. Be3 f5 12. Bxc6 bxc6 13. h3 Bh5 14. Qc1 f4 15.
Bxf4 Nxc3 16. bxc3 Bxf3 17. gxf3 Qh4 18. Bg3 Qxh3 19. f4 Rf5 20. Qe3 Rh5 21. Qf3
Rf8 22. Rfe1 Rxf4 23. Qxh5 Qxh5 24. Bxf4 Qg4+ 25. Bg3 h5 26. e6 Kf8 27. e7+ Ke8
28. Kh1 h4 29. Be5 Qf3+ 30. Kh2 Qxf2+ 31. Kh3 g5 32. Kg4 Qg2+ 33. Kh5 Kxe7 34.
Bf4+ Kd7 35. Bxg5 Qf3+ 36. Kxh4 Qxc3 37. Re7+ Kc8 38. Rc1 Qxd4+ 39. Kh5 c5 40.
Re8+ Kb7 41. Be3 Qf6 42. Rg8 Qf3+ 0-1

[Event "VIII MIEDZYNARODOWY TURNIEJ SZACHOWY - GORA SW. ANNY - Open B"]
[Site "GORA SW. ANNY"]
[Date "1899-12-30"]
[Round "6.18"]
[White "Parol, Pola"]
[Black "Musiala, Jakub"]
[Result "1-0"]
[WhiteTitle "I++"]
[BlackTitle "II"]
[WhiteElo "1672"]
[BlackElo "1536"]

1. e4 c5 2. c4 e6 3. Nc3 a6 4. g3 b6 5. Bg2 Bb7 6. Nge2 Qc7 7. f4 d6 8. O-O Nd7
9. d3 Ngf6 10. a3 Be7 11. h3 h6 12. Be3 Rc8 13. Qd2 O-O 14. g4 Nh7 15. f5 e5 16.
Ng3 Kh8 17. Nh5 Rg8 18. Qf2 Bc6 19. Bf3 Qd8 20. Kg2 Bh4 21. Qd2 Qe7 22. Nd5 Bxd5
23. exd5 Ng5 24. Ng3 Nf6 25. Ne4 Nfxe4 26. Bxe4 Ra8 27. Rab1 Rgb8 28. b4 Qf6 29.
Rb2 Qd8 30. Rfb1 a5 31. bxa5 bxa5 32. Rb5 Rxb5 33. Rxb5 Rb8 34. Bxg5 Bxg5 35.
Qxa5 Qxa5 36. Rxa5 Rb2+ 37. Kf1 Rb1+ 38. Ke2 Rb2+ 39. Ke1 Rb1+ 40. Ke2 Rb2+ 41.
Ke1 Rb3 42. Ra6 Rb7 43. Rxd6 Ra7 44. Rc6 Rxa3 45. Rxc5 Ra1+ 46. Ke2 Ra2+ 47. Kd1
Ra1+ 48. Kc2 Rc1+ 49. Kb2 Re1 50. Rc8+ Kh7 51. d6 Re2+ 52. Kb3 Bc1 53. d7 Bg5
54. f6+ g6 55. d8=Q 1-0

[Event "VIII MIEDZYNARODOWY TURNIEJ SZACHOWY - GORA SW. ANNY - Open B"]
[Site "GORA SW. ANNY"]
[Date "1899-12-30"]
[Round "6.20"]
[White "Rogacka, Natalia"]
[Black "Strzelecki, Maciej"]
[Result "1-0"]
[WhiteTitle "II+"]
[BlackTitle "II+"]
[WhiteElo "1481"]
[BlackElo "1606"]

1. e4 c5 2. Nf3 d6 3. d4 cxd4 4. Nxd4 Nf6 5. Nc3 a6 6. Be2 e5 7. Nb3 Be7 8. O-O
O-O 9. f4 b5 10. a3 Bb7 11. Bf3 Qc7 12. Qe1 Nbd7 13. Qg3 Rac8 14. f5 Qb6+ 15.
Kh1 Kh8 16. Bg5 h6 17. Bxf6 Nxf6 18. Rad1 Rc7 19. Qf2 Qxf2 20. Rxf2 Rfc8 21. Rfd2
Rxc3 22. bxc3 Bxe4 23. Rf2 Rxc3 24. Bxe4 Nxe4 25. Re2 Rc4 26. Nd2 Nxd2 27. Rdxd2
Rf4 28. Rf2 Rxf2 29. Rxf2 d5 30. Rd2 d4 31. Rd3 Bc5 32. g4 e4 33. Rd1 e3 34. Kg2
e2 35. Re1 Bxa3 36. Rxe2 b4 37. Re8+ Kh7 38. Ra8 b3 39. cxb3 d3 40. Rd8 1-0

[Event "VIII MIEDZYNARODOWY TURNIEJ SZACHOWY - GORA SW. ANNY - Open B"]
[Site "GORA SW. ANNY"]
[Date "1899-12-30"]
[Round "6.21"]
[White "Karleszko, Karolina"]
[Black "Majocha, Piotr"]
[Result "1-0"]
[WhiteTitle "I+"]
[BlackTitle "II"]
[WhiteElo "1578"]
[BlackElo "1475"]

1. d4 Nf6 2. Nf3 g6 3. c4 Bg7 4. g3 c5 5. Bg2 Nc6 6. d5 Nb8 7. d6 O-O 8. Nc3 a6
9. O-O Ne8 10. Bf4 exd6 11. Bxd6 Nxd6 12. Qxd6 Bxc3 13. bxc3 Qa5 14. Ne5 Qd8 15.
Rfd1 f6 16. Nd3 Nc6 17. Nxc5 Qe8 18. Rab1 Qe5 19. Qxe5 Nxe5 20. f4 Nc6 21. Nxd7
Bxd7 22. Rxd7 Rab8 23. Rbxb7 Rxb7 24. Rxb7 Nd8 25. Rb6 Re8 26. Bd5+ Kg7 27. e4
Re7 28. Rxa6 Nf7 29. c5 Rc7 30. Rb6 Nd8 31. c6 Rc8 32. a4 Kf8 33. a5 Ke7 34. a6
Kd6 35. a7 Kc7 36. Rb7+ Kd6 37. c7 Nxb7 38. Bxb7 Rxc7 39. a8=Q 1-0

[Event "VIII MIEDZYNARODOWY TURNIEJ SZACHOWY - GORA SW. ANNY - Open B"]
[Site "GORA SW. ANNY"]
[Date "1899-12-30"]
[Round "6.22"]
[White "Charczenko, Dominik"]
[Black "Kwiatkowska, Agnieszka"]
[Result "0-1"]
[WhiteTitle "III"]
[BlackTitle "I"]
[WhiteElo "1444"]
[BlackElo "1556"]

1. d4 d5 2. c4 e6 3. Nc3 Nf6 4. Bg5 Be7 5. Nf3 c6 6. e3 Nbd7 7. c5 Qc7 8. Bf4 Qa5
9. Bd3 Nh5 10. Bg3 Nxg3 11. hxg3 e5 12. Bf5 e4 13. Bxd7+ Bxd7 14. Ne5 Qc7 15.
Nxd7 Qxd7 16. Qb3 Qc7 17. O-O-O Rb8 18. Qa3 b6 19. Rd2 bxc5 20. dxc5 a5 21. Rd4
Qa7 22. Na4 Rb5 23. Kb1 Bxc5 24. Nxc5 Qxc5 25. Qxc5 Rxc5 26. Rc1 Rxc1+ 27. Kxc1
Kd7 28. Ra4 Ra8 29. b4 Kc7 30. bxa5 c5 31. Kc2 Kc6 32. Ra3 Ra7 33. Kc3 Kb5 34.
Rb3+ Kxa5 35. Rb8 Rd7 36. Ra8+ Kb6 37. a4 d4+ 38. exd4 cxd4+ 39. Kd2 Ra7 40. Rd8
Rxa4 41. Rd7 Ra2+ 42. Ke1 Kc5 43. Rxf7 Kc4 44. Rb7 Kd3 45. Rb3+ Kc2 46. Rb4 Ra1+
47. Ke2 d3+ 48. Ke3 Re1+ 49. Kf4 d2 50. Rd4 d1=Q 51. Rxd1 Kxd1 52. g4 Kd2 53.
g5 Re2 54. Kg3 Rxf2 55. Kxf2 e3+ 0-1

[Event "VIII MIEDZYNARODOWY TURNIEJ SZACHOWY - GORA SW. ANNY - Open B"]
[Site "GORA SW. ANNY"]
[Date "1899-12-30"]
[Round "6.23"]
[White "Trusz, Julia"]
[Black "Bogut, Maksymilian"]
[Result "0-1"]
[WhiteTitle "I"]
[BlackTitle "II"]
[WhiteElo "1556"]
[BlackElo "1445"]

1. e4 e5 2. Nf3 Nc6 3. d4 exd4 4. Nxd4 Bc5 5. Nxc6 Qf6 6. Qf3 dxc6 7. Qxf6 Nxf6
8. f3 Be6 9. Bf4 O-O-O 10. Nd2 Nh5 11. Bg3 Nxg3 12. hxg3 Bf2+ 13. Kd1 Bxg3 14.
Bd3 c5 15. b3 Rd4 16. Ke2 h6 17. Rad1 Rhd8 18. Nf1 Be5 19. Ne3 c6 20. Nf5 Bxf5
21. exf5 Kc7 22. Bc4 f6 23. Bd3 Kb6 24. Be4 Ka5 25. Rd3 Rxd3 26. Bxd3 Kb4 27.
a4 a5 28. Rh4+ Rd4 29. Rxd4+ Bxd4 30. Kd2 b5 31. axb5 cxb5 32. Kc1 h5 33. Kb1
c4 34. bxc4 bxc4 35. Be4 Be5 36. Bd5 Kc3 37. Ka2 Bd6 38. Be6 a4 39. f4 h4 40.
Bf7 a3 41. Be6 Kb4 42. Bf7 Bxf4 43. Be6 Bc1 44. Kb1 Bb2 45. Ka2 Kc3 46. Kb1 Kd4
47. Ka2 Ke3 48. Kb1 Kd4 49. Ka2 c3 50. Kb3 Ke3 51. Bd5 Kf4 52. Be6 Kg5 53. Ka2
g6 54. fxg6 Kxg6 55. Bg4 Kg5 56. Bf3 Kf4 57. Kb1 f5 58. Bd5 Kg3 59. Bc6 f4 60.
Be4 h3 61. gxh3 Kxh3 62. Bd3 Kg2 0-1

[Event "VIII MIEDZYNARODOWY TURNIEJ SZACHOWY - GORA SW. ANNY - Open B"]
[Site "GORA SW. ANNY"]
[Date "1899-12-30"]
[Round "6.24"]
[White "Stolarski, Adam"]
[Black "Powalka, Michal"]
[Result "0-1"]
[WhiteTitle "II"]
[BlackTitle "I++"]
[WhiteElo "1423"]
[BlackElo "1820"]

1. e4 e5 2. Nf3 Nc6 3. Bb5 a6 4. Ba4 Nf6 5. O-O Be7 6. Re1 b5 7. Bb3 O-O 8. c3
d6 9. h3 Bb7 10. d3 Re8 11. Nbd2 Bf8 12. Nf1 h6 13. Ng3 Na5 14. Bc2 c5 15. d4
Qc7 16. d5 Bc8 17. Nh2 c4 18. Ng4 Nxg4 19. hxg4 g6 20. g5 h5 21. Be3 Nb7 22. a4
Bd7 23. Qd2 bxa4 24. Bxa4 Bxa4 25. Rxa4 Nc5 26. f4 exf4 27. Bxf4 Bg7 28. Qf2 Be5
29. Raa1 Bxf4 30. Qxf4 Ra7 31. Ne2 Nb3 32. Nd4 Nxd4 33. cxd4 c3 34. bxc3 Qxc3
35. Qxd6 0-1

[Event "VIII MIEDZYNARODOWY TURNIEJ SZACHOWY - GORA SW. ANNY - Open B"]
[Site "GORA SW. ANNY"]
[Date "1899-12-30"]
[Round "6.27"]
[White "Milczarek, Pawel"]
[Black "Ostrowski, Zdzislaw"]
[Result "1/2-1/2"]
[WhiteTitle "III"]
[BlackTitle "II"]
[WhiteElo "1360"]
[BlackElo "1253"]

1. e4 e5 2. Nf3 Nf6 3. Nxe5 Qe7 4. Nf3 Nxe4 5. Be2 d5 6. d3 Nf6 7. O-O Qd6 8. b3
Be7 9. d4 O-O 10. Bb2 Nc6 11. Ne5 a6 12. Nxc6 Qxc6 13. Nc3 Re8 14. Bf3 Be6 15.
Re1 Rad8 16. Qd3 Qd7 17. Na4 Qc8 18. Rad1 b6 19. h3 Bf5 20. Qd2 Qb8 21. Re2 h6
22. Rde1 Be4 23. Nc3 Bb4 24. a3 Bd6 25. Bxe4 dxe4 26. Nxe4 Be7 27. Nxf6+ Bxf6
28. Rxe8+ Rxe8 29. Rxe8+ Qxe8 30. Qe3 Qd8 31. Qd3 a5 32. c3 c6 33. Bc1 Qd5 34.
Qc4 Qe4 35. Be3 b5 36. Qe2 Bd8 1/2-1/2

[Event "VIII MIEDZYNARODOWY TURNIEJ SZACHOWY - GORA SW. ANNY - Open B"]
[Site "GORA SW. ANNY"]
[Date "1899-12-30"]
[Round "6.28"]
[White "Majocha, Tomasz"]
[Black "Jacek, Nikola"]
[Result "1-0"]
[WhiteTitle "III"]
[BlackTitle "II+"]
[WhiteElo "1244"]
[BlackElo "1228"]

1. e4 e5 2. Nc3 Nf6 3. Nf3 Nc6 4. d3 d5 5. exd5 Nxd5 6. Nxd5 Qxd5 7. Be2 Be7 8.
O-O O-O 9. Be3 f5 10. d4 e4 11. b3 Qd8 12. Bc4+ Kh8 13. Ne5 Nxe5 14. dxe5 Bb4
15. Qxd8 Rxd8 16. Rad1 Re8 17. a4 b6 18. Bd5 Rb8 19. Bc6 Rf8 20. Bg5 Ba6 21. c4
Bb7 22. Bxb7 Rxb7 23. e6 c6 24. Rd7 Rbb8 25. Rfd1 h6 26. e7 Bxe7 27. Bxe7 Kh7
28. Rxa7 c5 29. Rdd7 f4 30. Bd6 Rbe8 31. Bxf4 Kg6 32. Rd6+ Kf5 1-0